|
|
|
|
| LEADER |
00000nam0a2200000 4500 |
| 001 |
250832 |
| 005 |
20231101232612.0 |
| 010 |
|
|
|a 5376000753
|
| 020 |
|
|
|a RU
|b 89-9006
|
| 035 |
|
|
|a (RuTPU)RU\TPU\book\273062
|
| 090 |
|
|
|a 250832
|
| 100 |
|
|
|a 20140217d1989 km y0rusy5003 ca
|
| 101 |
0 |
|
|a rus
|
| 102 |
|
|
|a MD
|
| 105 |
|
|
|a y z 001zy
|
| 200 |
1 |
|
|a Применение ЭВМ для решения задач с табличными данными
|f Д. К. Замбицкий
|g Академия наук Молдавской ССР (АН МССР), Институт математики с вычислительным центром (ИМсВЦ) ; под ред. А. И. Поштару
|
| 210 |
|
|
|a Кишинев
|c Штиинца
|d 1989
|
| 215 |
|
|
|a 108,[1] с.
|c ил.
|d 17 см
|
| 225 |
1 |
|
|a Школьнику о математике и информатике
|
| 320 |
|
|
|a Библиогр.: с. 107 (9 назв.)
|
| 606 |
1 |
|
|a Вычисления на вычислительных машинах
|x (математика)
|2 stltpush
|3 (RuTPU)RU\TPU\subj\4018
|9 32334
|
| 610 |
1 |
|
|a алгоритмы
|
| 610 |
1 |
|
|a экономические задачи
|
| 610 |
1 |
|
|a программирование
|
| 610 |
1 |
|
|a Бейсик
|
| 675 |
|
|
|a 519.6
|v 3
|
| 700 |
|
1 |
|a Замбицкий
|b Д. К.
|g Дмитрий Кириллович
|4 070
|
| 702 |
|
1 |
|a Поштару
|b А. И.
|4 340
|
| 712 |
0 |
2 |
|a Академия наук Молдавской ССР (АН МССР)
|b Институт математики с вычислительным центром (ИМсВЦ)
|2 stltpush
|3 (RuTPU)RU\TPU\col\15145
|
| 801 |
|
0 |
|a RU
|b RuMRKP
|c 19950417
|g psbo
|
| 801 |
|
1 |
|a RU
|b 63413507
|c 20140217
|
| 801 |
|
2 |
|a RU
|b 63413507
|c 20140220
|g RCR
|
| 942 |
|
|
|c BK
|